Urban Transport Systems and Technology by Julian Custer (Record no. 613646)
[ view plain ]
| 000 -LEADER | |
|---|---|
| fixed length control field | 00287nam a22001097a 4500 |
| 020 ## - INTERNATIONAL STANDARD BOOK NUMBER | |
| International Standard Book Number | 978-1-63989-553-3 |
| 040 ## - CATALOGING SOURCE | |
| Original cataloging agency | dlc |
| Transcribing agency | dlc |
| Modifying agency | dlc |
| Description conventions | dlc |
| 082 ## - DEWEY DECIMAL CLASSIFICATION NUMBER | |
| Edition number | 62904 |
| Author Mark | CUS |
| 245 ## - TITLE STATEMENT | |
| Title | Urban Transport Systems and Technology by Julian Custer |
| 260 ## - PUBLICATION, DISTRIBUTION, ETC. | |
| Place of publication, distribution, etc. | States Academic Press |
| 942 ## - ADDED ENTRY ELEMENTS (KOHA) | |
| Source of classification or shelving scheme | |
| Koha item type | Book |
| Withdrawn status | Lost status | Source of classification or shelving scheme | Damaged status | Not for loan | Permanent Location | Current Location | Date acquired | Total Checkouts | Full call number | Barcode | Date last seen | Price effective from | Koha item type |
|---|---|---|---|---|---|---|---|---|---|---|---|---|---|
| School of Civil and Environmental Engineering (SCEE) | School of Civil and Environmental Engineering (SCEE) | 04/22/2025 | 629.04 CUS | NIT-13776 | 04/22/2025 | 04/22/2025 | Book |
